Sunlight and shadow / (Record no. 129743)

MARC details
000 -LEADER
fixed length control field 00578nam a22002177a 4500
005 - DATE AND TIME OF LATEST TRANSACTION
control field 20170124110102.0
010 ## - LIBRARY OF CONGRESS CONTROL NUMBER
LC control number A-825760
020 ## - INTERNATIONAL STANDARD BOOK NUMBER
Terms of availability 00.00
International Standard Book Number 026378603
035 ## - SYSTEM CONTROL NUMBER
System control number A-825760
037 ## - SOURCE OF ACQUISITION
Source of stock number/acquisition Cen Lib/Ret
040 ## - CATALOGING SOURCE
Original cataloging agency DPL
Language of cataloging EN
082 ## - DEWEY DECIMAL CLASSIFICATION NUMBER
Classification number S
Item number CRO
100 ## - MAIN ENTRY--PERSONAL NAME
Personal name Crowne, Frances
9 (RLIN) 27274
245 ## - TITLE STATEMENT
Title Sunlight and shadow /
Statement of responsibility, etc by Frances Crowne
260 ## - PUBLICATION, DISTRIBUTION, ETC. (IMPRINT)
Place of publication, distribution, etc Surrey
Name of publisher, distributor, etc Mills & Boon
Date of publication, distribution, etc 1994
270 ## - ADDRESS
City Surrey
Address Eton House, 18-24 Paradise Road Richmond
300 ## - PHYSICAL DESCRIPTION
Extent 188p.
Dimensions 16cm(Hb)
650 ## - SUBJECT ADDED ENTRY--TOPICAL TERM
Topical term or geographic name as entry element Short stories
9 (RLIN) 44
650 ## - SUBJECT ADDED ENTRY--TOPICAL TERM
Geographic subdivision
9 (RLIN) 79693
942 ## - ADDED ENTRY ELEMENTS (KOHA)
Source of classification or shelving scheme Dewey Decimal Classification
Koha item type English Books
Classification part S
Call number suffix CRO
Holdings
Withdrawn status Lost status Damaged status Not for loan Home library Current library Date acquired Source of acquisition Cost, normal purchase price Total Checkouts Full call number Barcode Date last seen Copy number Cost, replacement price Price effective from Koha item type Public note
Written off       Central Library Central Library 07/07/2015 Cen Lib/Ret 0.00   S CRO A-825760 07/07/2015 1 0.00 07/07/2015 English Books W/d List No. 6862/25 ; dtd 06/08/2020

© Delhi Public Library
Hit Counter
free hit counter